[Event "Berlin-ch Seniors op 32nd"]
[Site "Berlin"]
[Date "2016.01.28"]
[Round "3"]
[White "Schneider, Eckehard"]
[Black "Grabinger, Hartmut"]
[Result "0-1"]
[WhiteElo "1783"]
[BlackElo "1985"]
[PlyCount "112"]
[EventDate "2016.01.26"]
[EventType "swiss"]
[EventRounds "9"]
[EventCountry "GER"]
[SourceTitle "EXT 2019"]
[Source "ChessBase"]
[SourceDate "2018.10.10"]
[SourceVersion "1"]
[SourceVersionDate "2018.10.10"]
[SourceQuality "1"]

1. e4 c5 2. c3 d5 3. exd5 Qxd5 4. d4 Nc6 5. Nf3 cxd4 6. cxd4 e6 7. Nc3 Bb4 8. Be2 Nf6 9. 0-0 Bxc3 10. bxc3 0-0 11. Qb3 Na5 12. Qxd5 exd5 13. Re1 Bg4 14. h3 Bh5 15. Rb1 Rfe8 16. Kf1 b6 17. Ba3 Ne4 18. Rbc1 Bxf3 19. gxf3 Nd2+ 20. Kg2 Nac4 21. Rc2 Nxa3 22. Rxd2 Re6 23. Kf1 Rc8 24. Rc1 Rec6 25. Rd3 Nc4 26. f4 b5 27. Bf3 Nb6 28. Re3 g6 29. Re5 b4 30. Bxd5 Nxd5 31. Rxd5 bxc3 32. Ke2 Kf8 33. Kd3 c2 34. Rc5 Rxc5 35. dxc5 Rxc5 36. Rxc2 Rh5 37. Ke4 Rxh3 38. Rc8+ Kg7 39. f3 Rh5 40. a4 Ra5 41. Rc4 h5 42. Ke3 h4 43. Kf2 Rh5 44. Kg2 h3+ 45. Kh2 Kf6 46. Rc6+ Kf5 47. Ra6 Kxf4 48. Rxa7 f5 49. a5 Kxf3 50. a6 f4 51. Rb7 Ra5 52. a7 g5 53. Kxh3 g4+ 54. Kh4 g3 55. Rb3+ Ke4 56. Rb4+ Kf3 0-1

[Event "Berlin-ch Seniors op 32nd"]
[Site "Berlin"]
[Date "2016.01.26"]
[Round "1"]
[White "Burchardt, Brigitte"]
[Black "Schneider, Eckehard"]
[Result "1-0"]
[WhiteElo "2115"]
[BlackElo "1783"]
[PlyCount "38"]
[EventDate "2016.01.26"]
[EventType "swiss"]
[EventRounds "9"]
[EventCountry "GER"]
[SourceTitle "EXT 2019"]
[Source "ChessBase"]
[SourceDate "2018.10.10"]
[SourceVersion "1"]
[SourceVersionDate "2018.10.10"]
[SourceQuality "1"]

1. e4 e6 2. d4 d5 3. Nd2 Nf6 4. e5 Nfd7 5. Bd3 c5 6. c3 Nc6 7. Ne2 cxd4 8. cxd4 f6 9. exf6 Nxf6 10. 0-0 Bd6 11. Nf3 0-0 12. Bf4 Bxf4 13. Nxf4 Qd6 14. g3 e5 15. dxe5 Nxe5 16. Nxe5 Qxe5 17. Qb3 Kh8 18. Rad1 Bg4 19. f3 Bh3 1-0

[Event "Berlin Lichtenberger op 14th"]
[Site "Berlin"]
[Date "2015.08.23"]
[Round "9"]
[White "Schneider, Eckehard"]
[Black "Toth, Hans Juergen"]
[Result "1-0"]
[WhiteElo "1780"]
[BlackElo "1571"]
[PlyCount "120"]
[EventDate "2015.08.15"]
[EventType "swiss"]
[EventRounds "9"]
[EventCountry "GER"]
[SourceTitle "EXT 2016"]
[Source "ChessBase"]
[SourceDate "2015.10.08"]
[SourceVersion "1"]
[SourceVersionDate "2015.10.08"]
[SourceQuality "1"]

1. e4 e6 2. d4 d5 3. e5 c5 4. c3 Nc6 5. Nf3 Nge7 6. Na3 cxd4 7. cxd4 Nf5 8. Nc2 Qb6 9. Be2 Bb4+ 10. Kf1 0-0 11. a3 Be7 12. b4 Bd7 13. Bb2 Rac8 14. Ne3 Nxe3+ 15. fxe3 a5 16. b5 Na7 17. a4 Bb4 18. Qd3 Rc7 19. Kf2 Rfc8 20. Rhc1 Rxc1 21. Rxc1 Rxc1 22. Bxc1 Qd8 23. e4 dxe4 24. Qxe4 Qc7 25. Be3 Nc8 26. Bd3 g6 27. Ng5 Be7 28. Qh4 h5 29. g4 Bxg5 30. Qxg5 Nb6 31. Bxg6 fxg6 32. Qxg6+ Kh8 33. Bh6 Bxb5 34. axb5 Qd7 35. Qxh5 Qh7 36. Qe8+ Qg8 37. Qxg8+ Kxg8 38. Ke2 a4 39. Bc1 Kf7 40. Kd3 Na8 41. Kc4 b6 42. Kb4 Nc7 43. Kxa4 Nd5 44. Kb3 Nc7 45. Kc4 Nd5 46. Bd2 Nc7 47. h4 Ne8 48. Bg5 Nc7 49. Bd8 Nd5 50. h5 Ne3+ 51. Kd3 Nd5 52. g5 Nb4+ 53. Ke4 Nd5 54. g6+ Kg8 55. Bf6 Nc3+ 56. Kd3 Nd5 57. Ke4 Nc3+ 58. Kf3 Nxb5 59. Ke3 Nc3 60. h6 Nd5+ 1-0